#140-121 Largest Countries Quiz - Statistics

General Stats
  • This quiz has been taken 24 times
  • The average score is 16 of 20
Answer Stats
# Continent Size (km²) Answer % Correct
129 Europe 45,228 Estonia
92%
122 Europe 64,589 Latvia
92%
121 Europe 65,330 Lithuania
92%
139 Oceania 28,896 Solomon Islands
92%
131 Europe 41,277 Switzerland
92%
124 Europe 56,594 Croatia
88%
130 Europe 41,543 Netherlands
88%
140 Europe 28,748 Albania
83%
136 Europe 30,528 Belgium
83%
132 Asia 38,394 Bhutan
79%
125 Europe 51,197 Bosnia and Herzegovina
79%
128 North America 48,670 Dominican Republic
79%
137 Africa 30,355 Lesotho
79%
135 Europe 33,851 Moldova
79%
127 Europe 49,035 Slovakia
79%
123 Africa 56,785 Togo
75%
138 Asia 29,743 Armenia
71%
126 North America 51,100 Costa Rica
71%
133 Asia 36,193 Taiwan
71%
134 Africa 36,125 Guinea-Bissau
67%
No matching quizzes found
Score Distribution
Percent of People with Each Score
Percentile by Number Answered
Your Score History
You have not taken this quiz